[Event "Nuremberg Zabo op 16th"]
[Site "Nuremberg"]
[Date "2014.09.21"]
[Round "5"]
[White "Heinlein, Hans Albert"]
[Black "Mantel, Hans"]
[Result "1/2-1/2"]
[WhiteElo "1376"]
[BlackElo "1603"]
[PlyCount "100"]
[EventDate "2014.09.19"]
[EventType "swiss"]
[EventRounds "5"]
[EventCountry "GER"]
[SourceTitle "EXT 2018"]
[Source "ChessBase"]
[SourceDate "2017.10.13"]
[SourceVersion "1"]
[SourceVersionDate "2017.10.13"]
[SourceQuality "1"]

1. d4 d5 2. c4 e6 3. e3 c6 4. Nc3 Nd7 5. Nf3 f5 6. cxd5 exd5 7. Bd3 Ndf6 8. 0-0 Bd6 9. Ne5 Nh6 10. f4 Qc7 11. Qb3 Ne4 12. Nxe4 fxe4 13. Be2 Be6 14. Bd2 Rg8 15. Rac1 Qe7 16. a3 g5 17. Bh5+ Kd8 18. Ba5+ Kc8 19. Bb4 Bxb4 20. Qxb4 Qxb4 21. axb4 gxf4 22. exf4 Bh3 23. Rc2 Nf5 24. Bf7 Rxg2+ 25. Rxg2 Bxg2 26. Be6+ Kc7 27. Kxg2 Ne3+ 28. Kf2 Nxf1 29. Kxf1 Rf8 30. f5 b6 31. Kf2 c5 32. dxc5 bxc5 33. Nd7 Rd8 34. Nxc5 d4 35. Nxe4 d3 36. Nd2 Rb8 37. b3 Rxb4 38. Bc4 Kd6 39. f6 Rb6 40. f7 Ke7 41. Ke3 Rh6 42. Kxd3 Rxh2 43. Ne4 h5 44. Ng5 Rf2 45. Nh7 Rf3+ 46. Ke4 Rxf7 47. Bxf7 Kxf7 48. Ng5+ Ke7 49. Nh3 Kd6 50. Kd4 Kc6 1/2-1/2

[Event "Nuremberg Zabo op 15th"]
[Site "Nuremberg"]
[Date "2013.09.21"]
[Round "3"]
[White "Brueckner, Alexander"]
[Black "Mantel, Hans"]
[Result "1/2-1/2"]
[WhiteElo "1471"]
[BlackElo "1297"]
[PlyCount "70"]
[EventDate "2013.09.20"]
[EventType "swiss"]
[EventRounds "5"]
[EventCountry "GER"]
[SourceTitle "EXT 2016"]
[Source "ChessBase"]
[SourceDate "2015.10.08"]
[SourceVersion "1"]
[SourceVersionDate "2015.10.08"]
[SourceQuality "1"]

1. e4 c5 2. Nf3 e6 3. Nc3 a6 4. d4 cxd4 5. Nxd4 d6 6. Bc4 Nf6 7. Bg5 Be7 8. Qf3 Nbd7 9. 0-0-0 Ne5 10. Qe2 b5 11. Bd3 Bd7 12. f3 b4 13. Nb1 Nxd3+ 14. Qxd3 0-0 15. Rdg1 a5 16. Qd2 Qc7 17. g4 Rab8 18. h4 a4 19. c3 Rfc8 20. Be3 bxc3 21. Nxc3 a3 22. Nb3 axb2+ 23. Kxb2 Bb5 24. Nxb5 Rxb5 25. Rc1 Qb7 26. Rxc8+ Qxc8 27. Rc1 Qb7 28. Qc2 Ne8 29. Qc6 Bf6+ 30. Ka3 Qxc6 31. Rxc6 Bxh4 32. Ka4 Rb8 33. Ka5 Ra8+ 34. Ra6 Bd8+ 35. Bb6 Bxb6+ 1/2-1/2

[Event "Mittelfranken Mitte-ch 1213"]
[Site "Zirndorf"]
[Date "2013.01.04"]
[Round "1"]
[White "Weissmann, Peter"]
[Black "Mantel, Hans"]
[Result "1-0"]
[WhiteElo "1724"]
[BlackElo "1473"]
[PlyCount "65"]
[EventDate "2013.01.03"]
[EventType "swiss"]
[EventRounds "7"]
[EventCountry "GER"]
[SourceTitle "EXT 2015"]
[Source "ChessBase"]
[SourceDate "2014.11.20"]
[SourceVersion "1"]
[SourceVersionDate "2014.11.20"]
[SourceQuality "1"]

1. e4 c5 2. Nf3 Nc6 3. d4 cxd4 4. Nxd4 d6 5. Nc3 Nf6 6. Be2 g6 7. Be3 Bg7 8. h4 h5 9. Qd2 a6 10. f3 Bd7 11. 0-0-0 b5 12. Nxc6 Bxc6 13. Nd5 Nxd5 14. exd5 Bd7 15. g4 a5 16. Bd4 f6 17. gxh5 Rxh5 18. f4 Rxd5 19. Bf3 Bc6 20. Qg2 e6 21. Rhg1 Qe7 22. Qxg6+ Kf8 23. Bxd5 Bxd5 24. h5 e5 25. fxe5 dxe5 26. Bxe5 Qxe5 27. Qxg7+ Ke8 28. Rge1 Be4 29. h6 Rc8 30. Qd7+ Kf8 31. Qxc8+ Kf7 32. Qd7+ Kg8 33. Qg7# 1-0

[Event "Nuremberg Zabo op 13th"]
[Site "Nuremberg"]
[Date "2011.09.16"]
[Round "1"]
[White "Mantel, Hans"]
[Black "Korth, Manfred"]
[Result "0-1"]
[WhiteElo "1051"]
[BlackElo "1802"]
[PlyCount "30"]
[EventDate "2011.09.16"]
[EventType "swiss"]
[EventRounds "5"]
[EventCountry "GER"]
[SourceTitle "EXT 2013"]
[Source "ChessBase"]
[SourceDate "2012.11.22"]
[SourceVersion "1"]
[SourceVersionDate "2012.11.22"]
[SourceQuality "1"]

1. e4 d6 2. Nf3 Nf6 3. Nc3 g6 4. Bc4 Bg7 5. d3 e5 6. Be3 Nc6 7. Qd2 Na5 8. Bh6 Nxc4 9. dxc4 Bxh6 10. Qxh6 Be6 11. Nd5 Bxd5 12. cxd5 c6 13. 0-0-0 Qe7 14. b3 Ng4 15. Qg7 0-0-0 0-1

[Event "Nuremberg Zabo op 12th"]
[Site "Nuremberg"]
[Date "2010.09.18"]
[Round "2"]
[White "Umrath, Stephan"]
[Black "Mantel, Hans"]
[Result "1-0"]
[WhiteElo "1450"]
[BlackElo "1025"]
[PlyCount "55"]
[EventDate "2010.09.17"]
[EventType "swiss"]
[EventRounds "5"]
[EventCountry "GER"]
[SourceTitle "EXT 2011"]
[Source "ChessBase"]
[SourceDate "2010.11.26"]
[SourceVersion "1"]
[SourceVersionDate "2010.11.26"]
[SourceQuality "1"]

1. e4 e5 2. Nf3 Nc6 3. d4 d6 4. d5 Nce7 5. Nc3 Nf6 6. Bd3 Ng6 7. h3 Be7 8. Be3 0-0 9. Qd2 Bd7 10. 0-0-0 c6 11. Rdg1 Qc7 12. h4 Nh5 13. g4 Nhf4 14. h5 Nxd3+ 15. Qxd3 Nf4 16. Qd2 b5 17. Bxf4 exf4 18. Qxf4 h6 19. g5 hxg5 20. Nxg5 b4 21. Nd1 cxd5 22. Qg3 Rfc8 23. Ne3 Bf6 24. h6 g6 25. h7+ Kg7 26. Qh4 d4 27. Qh6+ Kh8 28. Nxf7# 1-0